Statistiques concernant Quiz: mobs et animaux de Minecraft

Cliquez ici pour prendre le quiz!

Statistiques générales

  • Ce quiz a été pris 175 fois
    (155 depuis la dernière actualisation)
  • Le résultat moyen est 37 sur 69

Statistiques - réponses

Réponse% Correct
Cochon / Pig
96%
Zombie
95%
Squelette / Skeleton
93%
Ender dragon / Dragon de l'ender
90%
Vache / Cow
88%
Wither
82%
Creeper
81%
Enderman
80%
Ghast
80%
Araignée / Spider
78%
Mouton / Sheep
78%
Poule / Chicken
78%
Chat / Cat
73%
Loup / Wolf
73%
Cheval / Horse
72%
Saumon / Salmon
71%
Piglin
70%
Wither squelette / Wither skeleton
70%
Blaze
69%
Villageois / Villager
69%
Dauphin / Dolphin
66%
Poulpe / Squid
66%
Gardien / Guardian
65%
Perroquet / Parrot
62%
Sorcière / Witch
60%
Lapin / Rabbit
59%
Abeille / Bee
58%
Ane / Donkey
57%
Poisson globe / Puffer fish
54%
Poisson tropical / Tropical fish
54%
Lama / Llama
53%
Panda
53%
Slime
53%
Mule
52%
Chauve-souris / Bat
51%
Cube de magma / Magma Cube
51%
Ocelot
51%
Endermite
49%
Pillard / Pillager
49%
Piglin zombifié / Zombified Piglin / Pigman
47%
Renard / Fox
47%
Tortue / Turtle
47%
Morue / Cod
46%
Noyé / Drowned
45%
Poisson d'argent / Silver fish
45%
Chèvre / Goat
44%
Phantom
44%
Shulker
42%
Hoglin
41%
Araignée venimeuse / Cave spider
40%
Arpenteur / Strider
36%
Grand gardien / Elder Guardian
36%
Ravageur / Ravager
35%
Zombie-villageois / Zombie villager
35%
Axolotl
34%
Vex
34%
Evocateur / Evoker
32%
Poulpe luisant / Glow squid
31%
Cheval squelette / Skeleton horse
30%
Vindicateur / Vindicator
29%
Zoglin
29%
Champimeuh / Mooshroom
28%
Ours blanc / Polar bear
27%
Cheval zombie / zombie horse
25%
Piglin barbare / Piglin brute
24%
Zombie momifié / Husk
22%
Vagabond / Stray
20%
Marchand ambulant / Wandering trader
16%
Lama de marchand / Trader Llama / Trader Lama
7%

Distribution des résultats

Percentile par nombre de réponses

% des personnes avec chaque résultat

Votre développement - résultats

Vous n’avez pas pris ce quiz depuis la dernière actualisation